000 00771aab a2200217 4500
001 768714001
003 CO-MdFUSB
005 20240530150823.0
008 170508s1992 cr ||||| |||| 00| 0 spa d
022 _a1409-1968
040 _aCO-MdFUSB
_bspa
_cCO-MdFUSB
_dCO-MdFUSB
041 _aspa
100 1 _aSilva, José (1914-)
_eautor
245 1 0 _aEnsanchando nuestras almas para todo lo que Dios tiene para nuestras vidas
_c/ José Silva
300 _aVolumen 10. Número 2 (1992), páginas 30-31
_c: 27 cm.
520 _aDevocional: En pos de la plenitud de Dios para nuestro ministerios
650 0 _aVida espiritual
_951
773 0 _tApuntes Pastorales
_049442
_960182
_gVolumen 10. Número 2 (1992), páginas 30-31
_qPágina 30
942 _cANA
945 _aJTF-925
999 _c49753
_d49753